Score 0/14 Timer 05:00
0 Plays Today
% Correct
SPORTS AND LEISURE: 14
95.3%
CARD 4
ANSWERED
92%
HISTORY: 9k
90.5%
CARD 3
ANSWERED
87.6%
CARD 6
ANSWERED
86.6%
ENTERTAINMENT: 4f
86.4%
CARD 1
ANSWERED
85.6%
% Correct
CARD 5
ANSWERED
84.3%
ARTS AND LITERATURE: hu
83%
CARD 2
ANSWERED
79.7%
GEOGRAPHY: pc
78.8%
SCIENCE AND NATURE: d8
71.4%
~~~~FINAL CARD~~~~
G: In what city does
the Iditarod end?
E: What American Idol winner
recorded the single
“Inside Your Heaven”?
H: What country won its
independence in 1804
in an insurrection led
by Toussaint Louverture?
AL: What Richard Sheridan play
coined the word “malaprop”?
SN: What term refers to
the bending of light as
it passes from one
medium to another?
SL: What is the oldest
international sporting trophy?
57.8%
FINAL CARD
ANSWERED
You win!
55.4%
Remove Ads.
Support Sporcle.
Get the best of Sporcle when you Go Orange. This ad-free experience offers more features, more stats, and more fun while also helping to support Sporcle. Thank you for becoming a member.

You're not logged in!

Compare scores with friends on all Sporcle quizzes.
OR
Log In

Show Comments

Extras

Top Quizzes Today


Score Distribution

Your Account Isn't Verified!

In order to create a playlist on Sporcle, you need to verify the email address you used during registration. Go to your Sporcle Settings to finish the process.

Report this User

Report this user for behavior that violates our Community Guidelines.

Details: